[Event "Brasilia Terraviva op"]
[Site "Brasilia"]
[Date "2018.01.13"]
[Round "4"]
[White "Terao, Juliana Sayumi"]
[Black "Delgado Ramirez, Neuris"]
[Result "0-1"]
[WhiteElo "2256"]
[BlackElo "2602"]
[PlyCount "66"]
[EventDate "2018.01.11"]
[EventType "swiss"]
[EventRounds "7"]
[EventCountry "BRA"]
[SourceTitle "OM OTB B 201907"]
[Source "Opening Master"]
[SourceDate "2019.07.06"]
[SourceVersion "2"]
[SourceVersionDate "2019.07.06"]
[SourceQuality "1"]

1. e4 c5 2. Nf3 d6 3. d4 cxd4 4. Nxd4 Nf6 5. Nc3 Nc6 6. Be2 e5 7. Nb3 Be7 8.
Be3 O-O 9. f3 a5 10. a3 Be6 11. O-O a4 12. Nd2 Nd4 13. Bd3 Qa5 14. Ne2 Nxe2+
15. Qxe2 d5 16. Kh1 d4 17. Bg5 h6 18. Bh4 Qc5 19. Rac1 Nh5 20. Bxe7 Qxe7 21. g3
Nf6 22. c3 Rfd8 23. Rfd1 dxc3 24. Rxc3 Rd4 25. Bc2 Rad8 26. Nf1 b5 27. Rc1 Bc4
28. Qe1 Bxf1 29. Qxf1 b4 30. axb4 Qxb4 31. Rb1 Nd7 32. Rc7 Nc5 33. Qh3 Qc4 0-1

[Event "FICS rated blitz game"]
[Site "FICS freechess.org"]
[Date "2018.01.12"]
[Round "?"]
[White "Kutmal"]
[Black "danielboone"]
[Result "0-1"]
[WhiteElo "1652"]
[BlackElo "1635"]
[PlyCount "54"]
[EventDate "2018.??.??"]
[EventType "blitz"]

1. e4 c5 2. Nf3 d6 3. d4 cxd4 4. Nxd4 Nf6 5. Nc3 Nc6 6. Be2 e5 7. Nb3 Be6 8.
Bg5 Be7 9. f3 Nxe4 10. Bxe7 Nxc3 11. Bxd8 Nxd1 12. Bc7 Ne3 13. Kf2 Nxc2 14.
Rac1 Bxb3 15. axb3 N2d4 16. Bxd6 Nxb3 17. Rc3 Nbd4 18. Bc4 f6 19. Re1 O-O-O 20.
Ba3 Kb8 21. b4 Rc8 22. b5 Na5 23. Bd6+ Ka8 24. Rec1 Nxc4 25. Rxc4 Rxc4 26. Rxc4
Nxb5 27. Bb4 Kb8 0-1

[Event "FICS rated standard game"]
[Site "FICS freechess.org"]
[Date "2018.01.11"]
[Round "?"]
[White "GriffyJr"]
[Black "FraLav"]
[Result "0-1"]
[WhiteElo "2039"]
[BlackElo "2009"]
[PlyCount "110"]
[EventDate "2018.??.??"]

1. e4 c5 2. Nf3 d6 3. d4 cxd4 4. Nxd4 Nf6 5. Nc3 Nc6 6. Be2 e5 7. Nxc6 bxc6 8.
O-O Be7 9. Bg5 O-O 10. Bc4 h6 11. Be3 Be6 12. Bxe6 fxe6 13. b3 d5 14. exd5 exd5
15. Qe2 d4 16. Rad1 Qc7 17. Qc4+ Kh8 18. Nb5 Qb7 19. Nxd4 exd4 20. Bxd4 Rad8
21. Rfe1 Nd5 22. Kh1 Bf6 23. Re4 Bxd4 24. Qxd4 Qb6 25. Rd2 Qxd4 26. Rexd4 Rde8
27. g3 Re7 28. c4 Nf6 29. f4 Rfe8 30. Rd8 Kh7 31. Rxe8 Rxe8 32. Kg2 Kg6 33. Kf3
Re1 34. Rd6 Ra1 35. a4 Ra3 36. Rd3 Kf7 37. h4 Ke6 38. Re3+ Kd6 39. f5 Kc5 40.
g4 Kb4 41. g5 hxg5 42. hxg5 Nd7 43. Re7 Rxb3+ 44. Ke2 Nc5 45. Rxg7 Ne4 46. Rb7+
Kxc4 47. Rxb3 Kxb3 48. g6 Nf6 49. Kf3 c5 50. a5 c4 51. g7 c3 52. Ke3 c2 53.
g8=Q+ Nxg8 54. Kd2 Kb2 55. Kd3 c1=Q 0-1

[Event "FICS rated standard game"]
[Site "FICS freechess.org"]
[Date "2018.01.10"]
[Round "?"]
[White "elisabeth"]
[Black "DrakeStevens"]
[Result "0-1"]
[WhiteElo "1870"]
[BlackElo "2083"]
[PlyCount "76"]
[EventDate "2018.??.??"]

1. e4 c5 2. Nf3 Nc6 3. d4 cxd4 4. Nxd4 Nf6 5. Nc3 d6 6. Be2 e5 7. Nb3 Be7 8.
O-O O-O 9. f4 a5 10. a4 Nb4 11. Be3 Be6 12. f5 Bxb3 13. cxb3 d5 14. exd5 Nbxd5
15. Bf2 Nxc3 16. bxc3 Ne4 17. Be1 Qxd1 18. Rxd1 Rfd8 19. Rxd8+ Rxd8 20. Bf3 Nc5
21. b4 e4 22. Be2 Nxa4 23. bxa5 Ra8 24. c4 Bc5+ 25. Kh1 Bd4 26. Bb4 Bc3 27. Rb1
Bxb4 28. Rxb4 Nc3 29. Bf1 e3 30. Rxb7 Kf8 31. Rb2 Rxa5 32. g3 Ra1 33. Kg2 Re1
34. Rc2 e2 35. Bxe2 Nxe2 36. Kf2 Nd4 37. Rd2 Re4 38. c5 Ke7 0-1

[Event "VEN-ch (Women)"]
[Site "Santo Domingo"]
[Date "2018.01.09"]
[Round "1"]
[White "Descarrega Zacarias, Vanessa"]
[Black "Hernandez Bonilla, Amelia"]
[Result "1-0"]
[WhiteElo "1785"]
[BlackElo "2079"]
[PlyCount "101"]
[EventDate "2018.01.09"]
[EventType "tourn"]
[EventRounds "11"]
[EventCountry "VEN"]
[SourceTitle "OM OTB B 201907"]
[Source "Opening Master"]
[SourceDate "2019.07.06"]
[SourceVersion "2"]
[SourceVersionDate "2019.07.06"]
[SourceQuality "1"]

1. e4 c5 2. Nf3 d6 3. d4 cxd4 4. Nxd4 Nf6 5. Nc3 Nc6 6. Be2 e5 7. Nf3 h6 8. h3
Be7 9. Be3 Be6 10. O-O a6 11. Nd2 d5 12. exd5 Nxd5 13. Nxd5 Bxd5 14. Nc4 Bxc4
15. Bxc4 Qxd1 16. Raxd1 Rd8 17. Bb6 Rxd1 18. Rxd1 h5 19. Bd5 Rh6 20. Bc7 Bc5
21. Bf3 Rf6 22. Rd5 Bxf2+ 23. Kxf2 e4 24. Rxh5 exf3 25. gxf3 Kd7 26. Be5 Nxe5
27. Rxe5 Rh6 28. Rg5 Rxh3 29. Rxg7 Ke6 30. Rg4 Rh2+ 31. Rg2 Rh1 32. Ke3 b5 33.
Re2 Kf5 34. Rd2 Re1+ 35. Kf2 Re6 36. Rd5+ Kf4 37. Rd7 f6 38. Rd4+ Kf5 39. c4
bxc4 40. Rxc4 Rb6 41. b3 Ke5 42. Ke3 Rb5 43. b4 Kd6 44. a4 Re5+ 45. Re4 Rh5 46.
Kf4 Rg5 47. Re8 a5 48. b5 Kc5 49. Re6 Kb4 50. Rxf6 Rc5 51. Rc6 1-0

[Event "FICS rated blitz game"]
[Site "FICS freechess.org"]
[Date "2018.01.09"]
[Round "?"]
[White "gepi"]
[Black "martk"]
[Result "1-0"]
[WhiteElo "1662"]
[BlackElo "1513"]
[PlyCount "115"]
[EventDate "2018.??.??"]
[EventType "blitz"]

1. e4 c5 2. Nf3 Nc6 3. d4 cxd4 4. Nxd4 d6 5. Nc3 Nf6 6. Be2 e5 7. Nxc6 bxc6 8.
O-O Be7 9. f4 exf4 10. Bxf4 O-O 11. Qd2 Ne8 12. Kh1 Qb6 13. b3 Qc7 14. Rad1 Bf6
15. Bf3 Be5 16. Be3 Be6 17. Ne2 f5 18. Nf4 Bc8 19. Nd3 f4 20. Bf2 Qf7 21. c4
Qf6 22. Nxe5 dxe5 23. Bc5 Rf7 24. Qd8 Qxd8 25. Rxd8 Rf8 26. Bxf8 Kxf8 27. Rfd1
Bb7 28. R1d7 Rxd8 29. Rxd8 Ke7 30. Rb8 Ba6 31. Ra8 Nc7 32. Rxa7 Kd6 33. c5+ Kd7
34. Kg1 Kd8 35. Kf2 Bd3 36. g3 fxg3+ 37. hxg3 h6 38. Ke3 Bf1 39. Bg4 Bb5 40. a4
Bf1 41. Rb7 Ba6 42. Rb6 Bc8 43. Bxc8 Kxc8 44. Rxc6 Kd7 45. Rd6+ Ke7 46. b4 Ne6
47. Rxe6+ Kxe6 48. b5 Kd7 49. c6+ Kc7 50. a5 Kb8 51. Kd3 Kc7 52. Kc4 g5 53. Kd5
h5 54. Kxe5 h4 55. gxh4 gxh4 56. Kf4 h3 57. Kg3 h2 58. Kxh2 1-0

[Event "40th White Tower Open"]
[Site "Thessaloniki GRE"]
[Date "2018.01.08"]
[Round "7.1"]
[White "MalekKoniahli"]
[Black "Sladgie"]
[Result "0-1"]
[WhiteElo "2167"]
[BlackElo "2013"]
[PlyCount "142"]
[EventDate "2018.01.02"]
[EventType "swiss"]
[EventRounds "9"]
[EventCountry "GRE"]
[SourceTitle "The Week in Chess 1210"]
[Source "Mark Crowther"]
[SourceDate "2018.01.15"]
[SourceVersion "1"]
[SourceVersionDate "2018.01.15"]
[SourceQuality "2"]

1. e4 c5 2. Nf3 d6 3. d4 cxd4 4. Nxd4 Nf6 5. Nc3 Nc6 6. Be2 e5 7. Nf3 h6 8. O-O
Be7 9. Re1 O-O 10. h3 Be6 11. Bf1 Nb8 12. b3 Nbd7 13. Bb2 Rc8 14. a4 a6 15. a5
Qc7 16. Re2 Nh5 17. Rd2 Qc5 18. Ra4 Nf4 19. Nd5 Bxd5 20. exd5 f5 21. Qa1 Bf6
22. Rc4 Qa7 23. Rxc8 Rxc8 24. b4 Re8 25. g3 Ng6 26. Ne1 f4 27. g4 e4 28. Bxf6
Nxf6 29. Qd4 Qb8 30. c4 e3 31. Re2 Re4 32. Qd3 Ne5 33. Qb1 Nxc4 34. fxe3 Qe8
35. Qd3 Ne5 36. Qc3 fxe3 37. Bg2 Rc4 38. Qxe3 Rxb4 39. Qc3 Rc4 40. Qa3 Qd7 41.
Nf3 Nxf3+ 42. Bxf3 Qc7 43. Qd3 Rc1+ 44. Kg2 Qc5 45. Rf2 Qxa5 46. Re2 Qc5 47.
Rf2 b5 48. h4 Qc3 49. Qg6 Qe1 50. Re2 Qh1+ 51. Kg3 Qg1+ 52. Kh3 Qf1+ 53. Kg3
Re1 54. Rc2 Qg1+ 55. Kh3 Qf1+ 56. Kg3 Ne8 57. Kf4 Qg1 58. Re2 Rxe2 59. Bxe2
Qh2+ 60. Ke3 Qe5+ 61. Kf2 Nf6 62. Bf3 b4 63. g5 hxg5 64. h5 g4 65. Bxg4 Qf4+
66. Bf3 b3 67. Qd3 b2 68. Qb3 Qc1 69. Qb8+ Kh7 70. Qxd6 b1=Q 71. Qe6 Qg1+ 0-1

[Event "FICS rated standard game"]
[Site "FICS freechess.org"]
[Date "2018.01.08"]
[Round "?"]
[White "GriffySr"]
[Black "FraLav"]
[Result "1-0"]
[WhiteElo "2145"]
[BlackElo "2005"]
[PlyCount "53"]
[EventDate "2018.??.??"]

1. e4 c5 2. Nf3 d6 3. d4 cxd4 4. Nxd4 Nf6 5. Nc3 Nc6 6. Be2 e5 7. Nf3 Be7 8.
Bg5 O-O 9. O-O Be6 10. Qd3 h6 11. Be3 Ng4 12. Nd5 Nxe3 13. Qxe3 f5 14. Rad1 Rc8
15. c4 fxe4 16. Qxe4 Bf5 17. Nxe7+ Qxe7 18. Qd5+ Be6 19. Qxd6 Qf6 20. Bd3 Rcd8
21. Qc5 Rxd3 22. Rxd3 e4 23. Re3 exf3 24. Rxf3 Qe7 25. Qxe7 Nxe7 26. Re3 Kf7
27. Rfe1 1-0

[Event "40th Nezhmetdinov Rapid"]
[Site "Kazan RUS"]
[Date "2018.01.06"]
[Round "6.12"]
[White "Nezar, M."]
[Black "Nineyes"]
[Result "1-0"]
[WhiteElo "2508"]
[BlackElo "2214"]
[PlyCount "121"]
[EventDate "2018.09.11"]
[EventType "swiss (rapid)"]
[EventRounds "11"]
[EventCountry "RUS"]
[SourceTitle "The Week in Chess 1209"]
[Source "Mark Crowther"]
[SourceDate "2018.01.08"]
[SourceVersion "1"]
[SourceVersionDate "2018.01.08"]
[SourceQuality "2"]

1. e4 c5 2. Nf3 Nc6 3. d4 cxd4 4. Nxd4 Nf6 5. Nc3 d6 6. Be2 e5 7. Nf3 h6 8. O-O
Be7 9. Re1 Be6 10. Bf1 O-O 11. Nd5 Bxd5 12. exd5 Nb8 13. c4 Nbd7 14. Nh4 Re8
15. Nf5 Bf8 16. Be3 a5 17. Rc1 e4 18. h3 Nc5 19. b3 Qd7 20. Nd4 g6 21. a3 Qd8
22. b4 Ncd7 23. Qd2 Kh7 24. Red1 axb4 25. axb4 Ne5 26. Nb5 g5 27. Qd4 Ra4 28.
Rb1 Qd7 29. Nc3 g4 30. Nxe4 Nxe4 31. Qxe4+ f5 32. Qc2 gxh3 33. g3 h2+ 34. Kh1
Kh8 35. c5 Ra3 36. Bf4 Bg7 37. Bg2 Qa4 38. Qxf5 Rf8 39. Qe4 Ra2 40. Be3 Qd7 41.
cxd6 Re8 42. Re1 Ng4 43. Qc4 Raa8 44. Bd4 Rac8 45. Qd3 Qxd6 46. Bxg7+ Kxg7 47.
Qd4+ Nf6 48. Kxh2 h5 49. Kg1 b5 50. Rbc1 Rxe1+ 51. Rxe1 Rc4 52. Qa7+ Rc7 53.
Qb8 Qd7 54. Bh3 Qd6 55. Be6 Kh6 56. Qxb5 Rg7 57. Qc5 Qf4 58. Qe3 Qxe3 59. Rxe3
Rb7 60. Rb3 Rb5 61. d6 1-0

[Event "FICS rated blitz game"]
[Site "FICS freechess.org"]
[Date "2018.01.06"]
[Round "?"]
[White "intihuantana"]
[Black "Aguas"]
[Result "1-0"]
[WhiteElo "1932"]
[BlackElo "1898"]
[PlyCount "39"]
[EventDate "2018.??.??"]
[EventType "blitz"]

1. e4 c5 2. Nf3 Nc6 3. d4 cxd4 4. Nxd4 Nf6 5. Nc3 d6 6. Be2 e5 7. Nf3 h6 8. O-O
Be7 9. h3 O-O 10. Be3 Be6 11. Qd2 d5 12. exd5 Nxd5 13. Nxd5 Qxd5 14. Rfd1 Rfd8
15. Qxd5 Bxd5 16. c3 f5 17. g3 g5 18. Rxd5 Rxd5 19. Bc4 Rad8 20. Rd1 1-0

[Event "FICS rated blitz game"]
[Site "FICS freechess.org"]
[Date "2018.01.05"]
[Round "?"]
[White "LokiSon"]
[Black "ervenperlasangler"]
[Result "1-0"]
[WhiteElo "1647"]
[BlackElo "1652"]
[PlyCount "59"]
[EventDate "2018.??.??"]
[EventType "blitz"]

1. e4 c5 2. Nf3 Nc6 3. d4 cxd4 4. Nxd4 Nf6 5. Nc3 d6 6. Be2 e5 7. Nxc6 bxc6 8.
a4 Be7 9. Bc4 O-O 10. Be3 Be6 11. Bxe6 fxe6 12. g4 d5 13. exd5 exd5 14. Bg5 Qb6
15. Rb1 d4 16. Bxf6 Bxf6 17. Ne4 Bh4 18. O-O Rf4 19. f3 d3+ 20. Kg2 dxc2 21.
Qxc2 Raf8 22. Qc4+ Kh8 23. b4 Qe3 24. Rb3 Qb6 25. Rd3 Be7 26. Rb1 a5 27. b5
cxb5 28. Rxb5 Qg6 29. Rxe5 h5 30. Rxh5+ 1-0

[Event "FICS rated standard game"]
[Site "FICS freechess.org"]
[Date "2018.01.05"]
[Round "?"]
[White "Refael"]
[Black "bigzy"]
[Result "1-0"]
[WhiteElo "1760"]
[BlackElo "1830"]
[PlyCount "101"]
[EventDate "2018.??.??"]

1. e4 c5 2. Nf3 d6 3. d4 cxd4 4. Nxd4 Nc6 5. Nc3 Nf6 6. Be2 e5 7. Nb3 a6 8. Be3
b5 9. Nd5 Nxe4 10. Bb6 Qg5 11. Bf3 Nxf2 12. Kxf2 Rb8 13. Nc7+ Kd7 14. Bxc6+
Kxc6 15. Ba5 Qf4+ 16. Qf3+ Qxf3+ 17. Kxf3 d5 18. Rad1 d4 19. c4 b4 20. Nd5 h5
21. Bc7 Bg4+ 22. Ke4 Re8 23. Na5+ Kd7 24. Rdf1 f5+ 25. Kd3 f4 26. Re1 Bf5+ 27.
Kd2 Bd6 28. Bxd6 Kxd6 29. Rhf1 g5 30. g3 Be6 31. Nf6 Rc8 32. Ne4+ Kd7 33. Nxg5
fxg3 34. Nxe6 Kxe6 35. hxg3 Rhg8 36. Rf3 Rg5 37. Ref1 Rcg8 38. Rf6+ Ke7 39.
Nc6+ Kd7 40. b3 Rxg3 41. Nxe5+ Kc8 42. Rxa6 h4 43. Ra8+ Kb7 44. Rxg8 Rxg8 45.
Nf3 h3 46. Nxd4 Rg2+ 47. Ne2 h2 48. Rh1 Kc6 49. Ke3 Kc5 50. Kf3 Rg8 51. Rxh2
1-0

[Event "1st Al Ain Junior U20"]
[Site "Al-Ain UAE"]
[Date "2018.01.04"]
[Round "8.12"]
[White "Suzan, U."]
[Black "Krnic, I."]
[Result "1-0"]
[WhiteElo "2146"]
[BlackElo "2415"]
[PlyCount "127"]
[EventDate "2017.12.30"]
[EventType "swiss"]
[EventRounds "9"]
[EventCountry "UAE"]
[SourceTitle "The Week in Chess 1209"]
[Source "Mark Crowther"]
[SourceDate "2018.01.08"]
[SourceVersion "1"]
[SourceVersionDate "2018.01.08"]
[SourceQuality "2"]

1. e4 c5 2. Nf3 d6 3. d4 cxd4 4. Nxd4 Nf6 5. Nc3 Nc6 6. Be2 e5 7. Nb3 Be7 8.
O-O O-O 9. Kh1 a5 10. Be3 a4 11. Nd2 a3 12. bxa3 Qa5 13. Nb5 d5 14. Nb3 Qd8 15.
exd5 Nxd5 16. Bc5 Be6 17. c4 Nf4 18. Qc2 Bxc5 19. Nxc5 Qe7 20. Nxe6 Nxe6 21.
Bf3 Ncd4 22. Qe4 Nc5 23. Qg4 Nxb5 24. cxb5 e4 25. Be2 Rxa3 26. Bc4 Rc3 27. Qe2
Qf6 28. Rad1 Qg6 29. Bd5 Re8 30. h3 h6 31. Rc1 Rxc1 32. Rxc1 Nd3 33. Rd1 Nf4
34. Qg4 Qf6 35. Qd7 Re5 36. Bxb7 Kh7 37. Qd4 Qg6 38. g3 Rh5 39. Qxe4 Nxh3 40.
Qxg6+ Kxg6 41. Kg2 Rxb5 42. Ba6 Ra5 43. Bd3+ Kf6 44. Kxh3 Rxa2 45. f4 h5 46.
Bc4 Rc2 47. Bd5 g6 48. Rb1 Rd2 49. Bc4 Rc2 50. Rb6+ Kg7 51. Rc6 f6 52. Bd5 Rd2
53. Bg2 g5 54. f5 Rf2 55. Rc7+ Kh6 56. g4 hxg4+ 57. Kg3 Rd2 58. Rf7 Rd3+ 59.
Kxg4 Rd4+ 60. Kf3 g4+ 61. Ke3 Rd6 62. Kf4 Rd4+ 63. Be4 g3 64. Rxf6+ 1-0

[Event "FICS rated blitz game"]
[Site "FICS freechess.org"]
[Date "2018.01.04"]
[Round "?"]
[White "smarlny"]
[Black "donmatteo"]
[Result "1-0"]
[WhiteElo "1398"]
[BlackElo "1497"]
[PlyCount "99"]
[EventDate "2018.??.??"]
[EventType "blitz"]

1. e4 c5 2. Nf3 d6 3. d4 cxd4 4. Nxd4 Nf6 5. Nc3 Nc6 6. Be2 e5 7. Nf3 a6 8. Bg5
Be7 9. Qd2 h6 10. Bh4 Be6 11. O-O-O O-O 12. Kb1 Qc7 13. h3 Rad8 14. Qe3 Nh7 15.
Bxe7 Qxe7 16. Nd5 Bxd5 17. Rxd5 Nf6 18. Rdd1 Rfe8 19. g4 Nd4 20. Nxd4 exd4 21.
Qxd4 Qxe4 22. Qxe4 Nxe4 23. Rhf1 Nc5 24. Bf3 b6 25. a3 Ne6 26. Rd2 Nf4 27. h4
Re5 28. Rfd1 d5 29. Rd4 g5 30. hxg5 hxg5 31. c4 f6 32. cxd5 Rd6 33. Kc2 Kg7 34.
b4 Nh3 35. R1d2 Ng1 36. Bg2 Ne2 37. Re4 Rxe4 38. Bxe4 Nf4 39. Kc3 Ng6 40. Bxg6
Kxg6 41. Kd4 Kf7 42. Rc2 Ke7 43. Rc6 b5 44. Rc7+ Kd8 45. Rh7 Kc8 46. Kc5 Rd8
47. Kc6 Re8 48. d6 Rd8 49. Rf7 Kb8 50. Rxf6 1-0

[Event "FICS rated blitz game"]
[Site "FICS freechess.org"]
[Date "2018.01.03"]
[Round "?"]
[White "GMsicfranc"]
[Black "ervenperlasangler"]
[Result "0-1"]
[WhiteElo "1536"]
[BlackElo "1709"]
[PlyCount "72"]
[EventDate "2018.??.??"]
[EventType "blitz"]

1. e4 c5 2. Nf3 Nc6 3. d4 cxd4 4. Nxd4 Nf6 5. Nc3 d6 6. Be2 e5 7. Ndb5 Be7 8.
O-O a6 9. Na3 O-O 10. Bf3 Nd4 11. Nc4 b5 12. Ne3 Nxf3+ 13. Qxf3 Bb7 14. Ncd5
Bxd5 15. Nxd5 Nxd5 16. exd5 Rc8 17. c3 f5 18. a4 e4 19. Qe2 Qd7 20. axb5 axb5
21. Ra5 Rb8 22. b4 Rfc8 23. Bd2 Bf6 24. Rc1 Qb7 25. Qe3 Qxd5 26. Ra7 Rb7 27.
Rca1 h6 28. f4 exf3 29. gxf3 Rxa7 30. Rxa7 Qc4 31. f4 Bxc3 32. Bxc3 Qxc3 33.
Qe6+ Kh8 34. Rxg7 Qxg7+ 35. Kh1 Rc1+ 36. Qe1 Rxe1# 0-1

[Event "FICS rated blitz game"]
[Site "FICS freechess.org"]
[Date "2018.01.03"]
[Round "?"]
[White "prnaik"]
[Black "farbehindthesun"]
[Result "1-0"]
[WhiteElo "1381"]
[BlackElo "1345"]
[PlyCount "45"]
[EventDate "2018.??.??"]
[EventType "blitz"]

1. e4 c5 2. Nf3 Nc6 3. d4 cxd4 4. Nxd4 Nf6 5. Nc3 d6 6. Be2 e5 7. Nb3 h6 8. O-O
Be6 9. f4 exf4 10. Bxf4 Be7 11. Nd5 Nxe4 12. Nxe7 Qb6+ 13. Kh1 Nf2+ 14. Rxf2
Qxf2 15. Bg3 Qf6 16. Nxc6 bxc6 17. Qxd6 Rd8 18. Qxc6+ Bd7 19. Qxf6 gxf6 20. Bh4
Ke7 21. Bd3 Be6 22. Re1 Rhg8 23. Rf1 1-0

[Event "FICS rated standard game"]
[Site "FICS freechess.org"]
[Date "2018.01.02"]
[Round "?"]
[White "Refael"]
[Black "bigzy"]
[Result "0-1"]
[WhiteElo "1757"]
[BlackElo "1810"]
[PlyCount "52"]
[EventDate "2018.??.??"]

1. e4 c5 2. Nf3 d6 3. d4 cxd4 4. Nxd4 Nc6 5. Nc3 Nf6 6. Be2 e5 7. Nb3 Be6 8.
Be3 d5 9. exd5 Nxd5 10. Nxd5 Bxd5 11. O-O Be7 12. c4 Be6 13. Qc2 O-O 14. Rad1
Qc7 15. a3 h6 16. Nc5 Bxc5 17. Bxc5 Rfd8 18. Qe4 Na5 19. b4 b6 20. Be3 Nxc4 21.
Rc1 b5 22. Bd3 f5 23. Qh4 Rxd3 24. Bxh6 gxh6 25. Qxh6 Bd5 26. Qg5+ Qg7 0-1

[Event "OP-04502"]
[Site "LSS"]
[Date "2018.01.02"]
[Round "?"]
[White "Rocek, Vladimir"]
[Black "Buecker, Juergen"]
[Result "0-1"]
[WhiteElo "1087"]
[BlackElo "2451"]
[PlyCount "52"]
[EventDate "2017.12.25"]
[SourceTitle "LSS to Dec2020"]
[Source "LSS ed TH"]
[SourceDate "2021.01.12"]
[SourceVersion "3"]
[SourceVersionDate "2021.01.12"]
[SourceQuality "1"]

1. e4 c5 2. Nf3 d6 3. Nc3 Nc6 4. d4 cxd4 5. Nxd4 Nf6 6. Be2 e5 7. Nf3 h6 8. h3
Be6 9. O-O Be7 10. a3 O-O 11. Be3 Rc8 12. Nb5 Nxe4 13. c4 a6 14. Na7 Nxa7 15.
Bxa7 b6 16. Qb3 Rc6 17. Qa4 Qd7 18. Qxa6 Ra8 19. Rad1 Rxa7 20. Qb5 Qc7 21. Rc1
Nf6 22. Nd2 Ra5 23. Qb3 b5 24. Qc3 bxc4 25. Nxc4 Bxc4 26. Bxc4 d5 0-1

[Event "FICS rated blitz game"]
[Site "FICS freechess.org"]
[Date "2018.01.02"]
[Round "?"]
[White "Thalidomide"]
[Black "MacroMike"]
[Result "1-0"]
[WhiteElo "1421"]
[BlackElo "1407"]
[PlyCount "35"]
[EventDate "2018.??.??"]
[EventType "blitz"]

1. e4 c5 2. Nf3 d6 3. d4 cxd4 4. Nxd4 Nf6 5. Nc3 Nc6 6. Be2 e5 7. Nb3 Be6 8. f3
Be7 9. O-O O-O 10. Be3 a6 11. a4 Rc8 12. Nd5 Re8 13. Bb6 Qd7 14. a5 Bxd5 15.
exd5 Nb4 16. c4 e4 17. Qd2 exf3 18. Bxf3 1-0

[Event "FICS rated blitz game"]
[Site "FICS freechess.org"]
[Date "2018.01.02"]
[Round "?"]
[White "hejkal"]
[Black "hinz"]
[Result "0-1"]
[WhiteElo "1433"]
[BlackElo "1313"]
[PlyCount "80"]
[EventDate "2018.??.??"]
[EventType "blitz"]

1. e4 c5 2. Nf3 d6 3. d4 cxd4 4. Nxd4 Nf6 5. Nc3 Nc6 6. Be2 e5 7. Nf3 Bg4 8.
Bg5 Be7 9. O-O Bxf3 10. Bxf3 h6 11. Bxf6 Bxf6 12. a3 O-O 13. Nd5 Nd4 14. Bg4
Ne6 15. Qf3 Nc7 16. Nxf6+ Qxf6 17. Qxf6 gxf6 18. Rfd1 Rad8 19. Rd3 Ne6 20. Bxe6
fxe6 21. Rh3 Kg7 22. Rd1 Rd7 23. Rhd3 Rfd8 24. c4 f5 25. exf5 exf5 26. Rd5 Kf6
27. c5 Ke6 28. Kh1 dxc5 29. Rxd7 Rxd7 30. Rxd7 Kxd7 31. Kg1 Kd6 32. g4 fxg4 33.
Kg2 b5 34. Kg3 a5 35. Kxg4 b4 36. axb4 axb4 37. Kh5 c4 38. f4 exf4 39. Kg4 c3
40. bxc3 bxc3 0-1

[Event "FICS rated blitz game"]
[Site "FICS freechess.org"]
[Date "2018.01.02"]
[Round "?"]
[White "slaran"]
[Black "forkmeforku"]
[Result "1-0"]
[WhiteElo "1459"]
[BlackElo "1416"]
[PlyCount "45"]
[EventDate "2018.??.??"]
[EventType "blitz"]

1. e4 c5 2. Nf3 d6 3. d4 cxd4 4. Nxd4 Nf6 5. Nc3 Nc6 6. Be2 e5 7. Nb3 Be6 8.
O-O Be7 9. Be3 O-O 10. Bf3 a6 11. a4 b6 12. Nd5 Bxd5 13. exd5 Nb4 14. c4 e4 15.
Be2 a5 16. Nd4 g6 17. Bd2 Nd7 18. Bxb4 axb4 19. Nc6 Qe8 20. Nxb4 Bf6 21. Rb1
Nc5 22. Nc6 Rxa4 23. b4 1-0